| 000 | 00577nam a2200193Ia 4500 | ||
|---|---|---|---|
| 003 | OSt | ||
| 005 | 20231213115418.0 | ||
| 008 | 210210b1924 xxu||||| |||| 00| 0 eng d | ||
| 040 | _cAL | ||
| 041 | _aKannada | ||
| 082 | _a854/148 | ||
| 100 |
_aNARASIMHACHARYA (R) ನರಸಿಂಹಾಚಾರ್ಯ ಆರ್ _991761 |
||
| 245 |
_aKarnataka kavicharite 1 _bಕರ್ಣಾಟಕ ಕವಿಚರಿತೆ ೧ |
||
| 260 |
_aBengaluru _bBengaluru Education trust _c1924 |
||
| 440 |
_a1 _991762 |
||
| 690 |
_aKannada Criticism _991763 |
||
| 906 | _a020000 | ||
| 942 |
_2ddc _cBK |
||
| 999 |
_c144148 _d144148 |
||